Top 25 NFL Corners Of All Time (In Order) - Statistics

General Stats
  • This quiz has been taken 309 times
  • The average score is 6 of 25
Answer Stats
Rank Interceptions Answer % Correct
4 53 Deion Sanders
88%
2 71 Rod Woodson
70%
1 68 Dick Lane
62%
3 57 Mel Blount
42%
7 52 Champ Bailey
40%
5 63 Ronnie Lott
39%
6 54 Darrell Green
33%
8 54 Willie Brown
29%
16 55 Aeneas Williams
27%
23 47 Jimmy Johnson
23%
17 47 Ronde Barber
20%
9 46 Mike Haynes
16%
11 52 Mel Renfro
15%
19 54 Eric Allen
14%
22 39 Lester Hayes
14%
13 56 Lem Barney
13%
14 62 Dick LeBeau
12%
10 79 Emlen Tunnell
12%
25 58 Emmitt Thomas
12%
12 48 Herb Adderley
9%
20 65 Ken Riley
9%
15 40 Roger Wehrli
6%
24 46 Eddie Meador
1%
21 42 Albert Lewis
0%
18 47 Lemar Parrish
0%
No matching quizzes found
Score Distribution
Percent of People with Each Score
Percentile by Number Answered
Your Score History
You have not taken this quiz